000 01056nam a2200253Ia 4500
003 OSt
005 20221005105357.0
006 a|||||r|||| 00| 0
007 ta
008 221004b |||||||| |||| 00| 0 hin d
024 _a30792
037 _cTextual
040 _aCRL
_cCRL
_bhin
041 _2hin
_ahin
082 _aV5'N, 152M0
100 _aवर्मा, लालबहादुर
245 0 _aयूरोप का इतिहास
_b फ्रांसीसी क्रांति से द्वितीय महायुद्ध तक
246 _aYūrop kā itihāsa: frāansīsī krāanti se dvitīya mahāyuddha taka
250 _aद्वितीय संशोधित संस्करण
260 _aनई दिल्ली
_bदि मैकमिलन कंपनी ऑफ इंडिया लिमिटेड भारत
_c1980
300 _a282पृ.
_ccm.
942 _hV5'N, 152M0
_cTEXL
_2cc
999 _c1015649
_d1015649